| 000 | 00512nam a22001697a 4500 | ||
|---|---|---|---|
| 005 | 20251108172803.0 | ||
| 008 | 250721s9999 xx 000 0 ara d | ||
| 082 | 1 | 4 | _a071.565/ عبي |
| 100 | 1 | _aعبيدات، شفيق | |
| 245 | 1 | 0 | _aمسيرة الصحافة الأردنية 1920-2000 / |
| 264 | 1 |
_aعمان : _bمركز الرأي للدراسات و المعلومات، |
|
| 300 | _a319 ص. | ||
| 650 | 1 | 7 | _aتاريخ الاردن |
| 650 | 1 | 7 | _aالصحافه |
| 942 |
_2ddc _cBK |
||
| 999 |
_c88495 _d88495 |
||